| 000 | 00684cam a2200217 a 4500 | ||
|---|---|---|---|
| 001 | 14280470 | ||
| 005 | 20180306042441.0 | ||
| 008 | 060228s2007 caua 000 0 eng | ||
| 010 | _a 2006272675 | ||
| 020 | _a080537373X | ||
| 040 |
_aDLC _cDLC _dDLC |
||
| 041 | _aeng | ||
| 080 | _a611.00222 HUT | ||
| 082 | 0 | 0 |
_a611.00222 HUT _222 |
| 100 | _a7 | ||
| 101 | _aANA | ||
| 245 | 0 | 2 |
_aA brief atlas of the human body / _cMatt Hutchinson ... [et al.] ; photographs by Ralph T. Hutchings and Nina Zanetti. |
| 906 |
_a7 _bcbc _corigcop _d3 _encip _f20 _gy-gencatlg |
||
| 942 |
_2ddc _cBK |
||
| 999 |
_c44141 _d44141 |
||